| 000 | 00640nam a2200217 i 4500 | ||
|---|---|---|---|
| 001 | 177841 | ||
| 003 | ES-MaACL | ||
| 005 | 20250416221835.0 | ||
| 008 | 110429s2011 sp |||| |dspa d | ||
| 020 | _a978-84-8472-624-1 | ||
| 080 | _a821.134.2-1"19" | ||
| 100 | 1 |
_aVillena, Luis Antonio de, _d1951- _9240059 |
|
| 245 | 1 | 0 |
_aCaída de Imperios / _cLuis Antonio de Villena. |
| 260 |
_aSevilla : _bRenacimiento, _c[2011] |
||
| 300 |
_a56 p. ; _c15 cm. |
||
| 490 | 1 |
_aEl clavo ardiendo ; _v15 |
|
| 500 | _aÍndice. | ||
| 830 | 0 |
_aEl clavo ardiendo ; _v15 _9190608 |
|
| 852 |
_aES-MaACL _j2306-F-4 |
||
| 999 |
_c177841 _d177841 |
||